000 00677cam a2200229 i 4500
005 20160610111342.0
008 791116s1979 fr a b 000 0 fre
020 _a2228542202 :
040 _aDLC
_cDLC
_dDLC
_dCO-BoIAVH
041 0 _afre
044 _afr
082 0 0 _a330
_bP28l
100 1 _aPasset, René
_eautor
245 1 2 _aL'Économique et le vivant /
_cRené Passet.
260 _aParis :
_bPayot,
_c1979.
300 _a287 páginas :
_bilustraciones ;
_c23 x 15 cm.
504 _aIncluye referencias bibliográficas.
650 2 6 _aEconomía
650 2 4 _aExternalidades (Economía)
650 2 6 _aEcología humana
942 _2ddc
_cLIBRO
999 _c4323
_d4323